000 00337nam a2200133Ia 4500
008 240624s9999 xx 000 0 und d
041 _aeng
082 _a420 SIN
100 _aSINGH ISHTLA
245 _aHISTORY OF ENGLISH A STUDENT S GUIDE
260 _c2016
_aNew Delhi
_bRoutledge
300 _axii, 226 p.; 22 cm.
365 _cRS
_b31
999 _c29516
_d29516